000 02183 am a2200589 a 4500
005 20231220101353.0
008 100831s1999||||ag a f |||| 001 0 spa d
020 _a9504394078
041 _aspa
092 _c612
_l11
_sCEL
100 1 _aCelis, María Ester.
_91383
245 _aFisiología Humana.
_bT.1 Sistema Nervioso y Sistema Endócrino /
_cMaría Ester Celis.
250 _a1a ed.
260 _aCórdoba [Argentina]:
_bUniversidad Nacional de Córdoba ; Gador;
_c1999.
300 _a1-635 p.
_bil.
500 _aCelis, M. E. (1999). Fisiología Humana. T.1 Sistema Nervioso y Sistema Endócrino. (1a ed.). Córdoba [Argentina] : Universidad Nacional de Córdoba ; Gador.
653 _aFisiología generalidades
653 _aMecanismos de acción hormonal
653 _aFactores de crecimiento y oncogenes
653 _aEnvejecimiento cerebral
653 _aRitmos biológicos
653 _aGlándula pineal
653 _aHormonas generalidades
653 _aProlactina
653 _aHormonas de la hipófisis posterior
653 _aCrecimiento
653 _aGlándula tiroides y hormonas tiroideas
653 _aCorteza suprarrenal
653 _aMédula adrenal
653 _aPáncreas endócrino
653 _aControl hormonal del calcio y del fósforo
653 _aFisiología del sistema reproductor femenino
653 _aSistema reproductor masculino
653 _aFecundación, implantación y placentación
653 _aFisiología del parto
653 _aOvario como modelo de integración neuroendócrina periférica
653 _aSistema nervioso. Células nerviosas
653 _aMensajes químicos a nivel sináptico
653 _aMembranas plasmáticas
653 _aTransmisión sináptica
653 _aFunciones generales del sistema nervioso
653 _aNeurofisiología del dolor
653 _aControl nervioso de la función motora
653 _aControl de las funciones viscerales
653 _aFisiología de la masticación
653 _aFunciones nerviosas superiores. Aprendizaje. Memoria
930 _a572
930 _a795
930 _a804
930 _a805
942 _2ddc
_cBK
999 _c655
_d655